000
00257 a2200121 4500
001
72080
082
_a
297 AME
090
_c
38807
_d
38807
100
_a
Amir Ali
245
_a
The Spirit of islam
260
_a
Lahore
_b
Elite Publisher
_c
1988
300
_a
412
942
_a
caenust
_k
297 AME
999
_c
307153
_d
307153